| 000 | 01176nam a2200301Ia 4500 | ||
|---|---|---|---|
| 001 | ebr10231487 | ||
| 003 | CaPaEBR | ||
| 006 | m u | ||
| 007 | cr cn||||||||| | ||
| 008 | 071027s2008 enk sb 000 0 eng d | ||
| 020 | _z9781841501482 | ||
| 020 | _z1841501484 | ||
| 040 |
_aCaPaEBR _cCaPaEBR |
||
| 035 | _a(OCoLC)560664277 | ||
| 050 | 1 | 4 |
_aPN1993.5.C6 _bP35 2008eb |
| 100 | 1 | _aZhuo, Botang. | |
| 245 | 1 | 0 |
_aHong Kong new wave cinema (1978-2000) _h[electronic resource] / _cPak Tong Cheuk. |
| 260 |
_aBristol, UK ; _aChicago, USA : _bIntellect, _c2008. |
||
| 300 | _a262 p. | ||
| 504 | _aIncludes bibliographical references. | ||
| 533 |
_aElectronic reproduction. _bPalo Alto, Calif. : _cebrary, _d2009. _nAvailable via World Wide Web. _nAccess may be limited to ebrary affiliated libraries. |
||
| 546 | _aIncludes some Chinese text. | ||
| 650 | 0 |
_aMotion pictures _zChina _zHong Kong _xHistory. |
|
| 650 | 0 |
_aPerforming arts _zChina _zHong Kong _xHistory. |
|
| 655 | 7 |
_aElectronic books. _2local |
|
| 710 | 2 | _aebrary, Inc. | |
| 856 | 4 | 0 |
_uhttp://site.ebrary.com/lib/rucke/Doc?id=10231487 _zAn electronic book accessible through the World Wide Web; click to view |
| 999 |
_c39748 _d39748 |
||